000 00940nam a2200277Ia 4500
001 Z_4175
003 CHAP
008 220113s2=00 xx 000 0 und d
010 _a167238
040 _cCHAP
090 _aTesis O 1614
100 _aOlivares Pineda, Rodrigo
_983052
245 _aInvestigación de mercado y análisis de la comercialización de la carne de conejo en la ciudad de México y zona conurbana /
_cpor Rodrigo Olivares Pineda
260 _aChapingo, Méx. :
_bEl autor,
_c2002
300 _a145 h.
502 _aTesis (Maestro en Ciencias en Economía del Desarrollo Rural) -- UACH. División de Ciencias Económico Administrativas
650 _aCarne de conejo
_919140
650 _aCarne de conejo
_xMercadeo
_xMéxico (D.F.)
_919147
650 _aCiencias Económico Administrativas
_9141386
901 _aTESIS O 1614
902 _aM
910 _a2=00
942 _c2
942 _c2
999 _c167238
_d167238